<?xml version='1.0' encoding='UTF-8'?>
  <record xmlns="http://www.loc.gov/MARC21/slim">
    <leader>00000cam a22000007i 4500</leader>
    <controlfield tag="001">ocm65797044</controlfield>
    <controlfield tag="003">OCoLC</controlfield>
    <controlfield tag="005">20250509011223.8</controlfield>
    <controlfield tag="008">920729s1890    ne            000 0 dut d</controlfield>
    <datafield tag="040" ind1=" " ind2=" ">
      <subfield code="a">NLGGC</subfield>
      <subfield code="b">dut</subfield>
      <subfield code="e">fobidrtb</subfield>
      <subfield code="c">NLGGC</subfield>
      <subfield code="d">CAUOI</subfield>
      <subfield code="d">OCLCQ</subfield>
      <subfield code="d">OCLCO</subfield>
      <subfield code="d">OCLCQ</subfield>
      <subfield code="d">OCLCL</subfield>
      <subfield code="d">OCLCQ</subfield>
    </datafield>
    <datafield tag="029" ind1="0" ind2=" ">
      <subfield code="a">NLGGC</subfield>
      <subfield code="b">096748427</subfield>
    </datafield>
    <datafield tag="035" ind1=" " ind2=" ">
      <subfield code="a">(OCoLC)65797044</subfield>
    </datafield>
    <datafield tag="050" ind1=" " ind2="4">
      <subfield code="a">PT5856.L82</subfield>
      <subfield code="b">S34 1900</subfield>
    </datafield>
    <datafield tag="082" ind1="0" ind2="4">
      <subfield code="a">813.54</subfield>
      <subfield code="q">OCoLC</subfield>
      <subfield code="2">23/eng/20231120</subfield>
      <subfield code="1">https://id.oclc.org/worldcat/ddc/E3BpYCcY96rbttBDyJW94FJBKr</subfield>
    </datafield>
    <datafield tag="100" ind1="1" ind2=" ">
      <subfield code="a">Louwerse, P.</subfield>
      <subfield code="q">(Pieter),</subfield>
      <subfield code="d">1840-1908.</subfield>
      <subfield code="1">https://id.oclc.org/worldcat/entity/E39PBJghtpP76cP4WCkkKfHQv3</subfield>
    </datafield>
    <datafield tag="245" ind1="1" ind2="3">
      <subfield code="a">De schippersjongen, of Leiden in strijd en nood :</subfield>
      <subfield code="b">geschiedkundig verhaal voor oud en jong Nederland /</subfield>
      <subfield code="c">door P. Louwerse ; [met een Voorbericht van de auteur].</subfield>
    </datafield>
    <datafield tag="250" ind1=" " ind2=" ">
      <subfield code="a">3e, geheel omgewerkte dr.</subfield>
    </datafield>
    <datafield tag="260" ind1=" " ind2=" ">
      <subfield code="a">Leiden :</subfield>
      <subfield code="b">A.W. Sijthoff,</subfield>
      <subfield code="c">[1890]</subfield>
    </datafield>
    <datafield tag="300" ind1=" " ind2=" ">
      <subfield code="a">VIII, 232 p., [4] bl. pl. :</subfield>
      <subfield code="b">gekl. lithogr. ;</subfield>
      <subfield code="c">20 cm</subfield>
    </datafield>
    <datafield tag="500" ind1=" " ind2=" ">
      <subfield code="a">1e dr.: Alphen : W. Cambier van Nooten ; Leiden : C. Kooijker, 1872.</subfield>
    </datafield>
    <datafield tag="530" ind1=" " ind2=" ">
      <subfield code="a">Ook beschikbaar in microvorm.</subfield>
    </datafield>
    <datafield tag="530" ind1=" " ind2=" ">
      <subfield code="a">Boek wordt verfilmd Metamorfoze UBU.</subfield>
    </datafield>
    <datafield tag="541" ind1=" " ind2=" ">
      <subfield code="h">f 1,20 (Geb.).</subfield>
    </datafield>
    <datafield tag="758" ind1=" " ind2=" ">
      <subfield code="a">De schippersjongen, of Leiden in strijd en nood (Text)</subfield>
      <subfield code="1">https://id.oclc.org/worldcat/entity/E39PCGWBhTMXkkKcrBcgq6Kvtq</subfield>
      <subfield code="4">https://id.oclc.org/worldcat/ontology/hasWork</subfield>
    </datafield>
    <datafield tag="787" ind1="0" ind2="8">
      <subfield code="i">Ook verschenen o.d.t. Leiden's beleg en ontzet:</subfield>
      <subfield code="t">Het verhaal van den schippersjongen,</subfield>
      <subfield code="d">1924</subfield>
    </datafield>
    <datafield tag="936" ind1=" " ind2=" ">
      <subfield code="a">BATCHLOAD</subfield>
    </datafield>
  </record>